[Event "Goch op 23rd"]
[Site "Goch"]
[Date "2012.09.02"]
[Round "7"]
[White "Thevessen, Hubert"]
[Black "Immel, John Christian"]
[Result "1-0"]
[WhiteElo "1873"]
[BlackElo "1726"]
[PlyCount "75"]
[EventDate "2012.08.30"]
[EventType "swiss"]
[EventRounds "7"]
[EventCountry "GER"]
[SourceTitle "EXT 2015"]
[Source "ChessBase"]
[SourceDate "2014.11.20"]
[SourceVersion "1"]
[SourceVersionDate "2014.11.20"]
[SourceQuality "1"]

1. c4 Nf6 2. Nc3 c5 3. g3 d5 4. cxd5 Nxd5 5. Bg2 Nc7 6. Nf3 Nc6 7. 0-0 e5 8. d3 Be6 9. Bd2 f6 10. Rc1 Be7 11. a3 0-0 12. Ne4 b6 13. Bc3 Qd7 14. Qc2 Rac8 15. Rfd1 Nd4 16. Bxd4 cxd4 17. Qc6 Qd8 18. Qb7 f5 19. Ned2 Bd5 20. Qxa7 e4 21. dxe4 fxe4 22. Nxd4 Bc5 23. Rxc5 bxc5 24. Qxc5 Ne6 25. Nxe6 Bxe6 26. Qb4 Rc4 27. Qb3 Qf6 28. Qe3 Rd4 29. Bxe4 Rfd8 30. Bd3 Bf5 31. Nf3 Re4 32. Qc1 Rc8 33. Qb1 Rd8 34. Re1 Rxe2 35. Bxf5 Rxe1+ 36. Nxe1 Rd2 37. Qe4 Qb6 38. Qe8# 1-0

[Event "Goch op 22nd"]
[Site "Goch"]
[Date "2011.09.30"]
[Round "2"]
[White "Heinert, Eugen"]
[Black "Immel, John Christian"]
[Result "1-0"]
[WhiteElo "2208"]
[BlackElo "1760"]
[PlyCount "51"]
[EventDate "2011.09.29"]
[EventType "swiss"]
[EventRounds "7"]
[EventCountry "GER"]
[SourceTitle "EXT 2014"]
[Source "ChessBase"]
[SourceDate "2013.11.20"]
[SourceVersion "1"]
[SourceVersionDate "2013.11.20"]
[SourceQuality "1"]

1. d4 Nf6 2. Nc3 d5 3. Bg5 c6 4. Bxf6 exf6 5. e3 Bd6 6. Bd3 0-0 7. Qf3 Na6 8. a3 Re8 9. Nge2 Be6 10. h3 Rc8 11. 0-0 Bb8 12. Rfd1 Qd6 13. Ng3 c5 14. dxc5 Nxc5 15. Rd2 Nxd3 16. Rxd3 Qb6 17. Rb1 Be5 18. Nge2 Red8 19. b3 d4 20. exd4 Bxd4 21. Na4 Bxf2+ 22. Qxf2 Qxf2+ 23. Kxf2 Re8 24. Nd4 Bd5 25. Nc3 Red8 26. Nf5 1-0

[Event "Goch op 22nd"]
[Site "Goch"]
[Date "2011.09.29"]
[Round "1"]
[White "Schaefer, Heiko"]
[Black "Immel, John Christian"]
[Result "1-0"]
[WhiteElo "2083"]
[BlackElo "1760"]
[PlyCount "59"]
[EventDate "2011.09.29"]
[EventType "swiss"]
[EventRounds "7"]
[EventCountry "GER"]
[SourceTitle "EXT 2014"]
[Source "ChessBase"]
[SourceDate "2013.11.20"]
[SourceVersion "1"]
[SourceVersionDate "2013.11.20"]
[SourceQuality "1"]

1. Nf3 d5 2. c4 d4 3. b4 g6 4. Bb2 Bg7 5. e3 e5 6. exd4 exd4 7. Bd3 Qe7+ 8. Qe2 Qxe2+ 9. Bxe2 Nc6 10. b5 Nb4 11. Na3 Bg4 12. Bxd4 Bxd4 13. Nxd4 Bxe2 14. Kxe2 0-0-0 15. Nac2 Nf6 16. Nxb4 Rxd4 17. d3 Re8+ 18. Kd2 Kd7 19. Rae1 Rxe1 20. Rxe1 c5 21. bxc6+ bxc6 22. Re7+ Kxe7 23. Nxc6+ Kd6 24. Nxd4 a6 25. h3 Kc5 26. Kc3 Nd7 27. Nb3+ Kc6 28. d4 Nf6 29. d5+ Kd6 30. Kd4 1-0

[Event "Cologne Ford op 17th"]
[Site "Cologne"]
[Date "2011.05.30"]
[Round "7"]
[White "Immel, John Christian"]
[Black "Hennig, Edgar Paul"]
[Result "0-1"]
[WhiteElo "1570"]
[BlackElo "1856"]
[PlyCount "75"]
[EventDate "2011.04.12"]
[EventType "swiss"]
[EventRounds "7"]
[EventCountry "GER"]
[SourceTitle "EXT 2012"]
[Source "ChessBase"]
[SourceDate "2011.11.24"]
[SourceVersion "1"]
[SourceVersionDate "2011.11.24"]
[SourceQuality "1"]

1. d4 Nf6 2. c4 c5 3. d5 e5 4. g3 d6 5. Bg2 Nbd7 6. b3 g6 7. Nf3 a6 8. Nfd2 b5 9. Nc3 Rb8 10. 0-0 Bg7 11. Qc2 0-0 12. Rb1 Ne8 13. e4 Ndf6 14. Bb2 h5 15. Nf3 Bg4 16. h3 Bd7 17. Kh2 Nh7 18. Ne2 f5 19. Nh4 Qf6 20. f4 g5 21. fxe5 dxe5 22. Nxf5 Bxf5 23. exf5 Qd6 24. Nc3 Nhf6 25. Rbe1 h4 26. Ne4 Nxe4 27. Bxe4 hxg3+ 28. Kxg3 Qh6 29. Bc1 Nd6 30. Qd3 bxc4 31. bxc4 Rb4 32. Be3 Qh4+ 33. Kh2 Nxe4 34. Bg1 Rb2+ 35. Re2 Rxe2+ 36. Qxe2 Qg3+ 37. Kh1 Qxh3+ 38. Qh2 0-1

[Event "Cologne Ford op 17th"]
[Site "Cologne"]
[Date "2011.05.02"]
[Round "3"]
[White "Wolff, Michael"]
[Black "Immel, John Christian"]
[Result "1-0"]
[WhiteElo "1838"]
[BlackElo "1570"]
[PlyCount "35"]
[EventDate "2011.04.12"]
[EventType "swiss"]
[EventRounds "7"]
[EventCountry "GER"]
[SourceTitle "EXT 2012"]
[Source "ChessBase"]
[SourceDate "2011.11.24"]
[SourceVersion "1"]
[SourceVersionDate "2011.11.24"]
[SourceQuality "1"]

1. e4 e6 2. d4 d5 3. Nd2 dxe4 4. Nxe4 h6 5. Nf3 Nf6 6. Bd3 Nbd7 7. Qe2 Be7 8. Bd2 c5 9. Nxc5 Nxc5 10. dxc5 Bxc5 11. 0-0-0 Qc7 12. Kb1 Qb6 13. Ne5 Bd4 14. Bb5+ Bd7 15. Nxd7 Nxd7 16. Bxd7+ Kxd7 17. Bc3 e5 18. Qxe5 1-0

[Event "Goch op 21st"]
[Site "Goch"]
[Date "2010.10.03"]
[Round "7"]
[White "Immel, John Christian"]
[Black "Jostmeijer, Erik"]
[Result "1/2-1/2"]
[WhiteElo "1779"]
[BlackElo "1940"]
[PlyCount "59"]
[EventDate "2010.09.30"]
[EventType "swiss"]
[EventRounds "7"]
[EventCountry "GER"]
[SourceTitle "EXT 2012"]
[Source "ChessBase"]
[SourceDate "2011.11.24"]
[SourceVersion "1"]
[SourceVersionDate "2011.11.24"]
[SourceQuality "1"]

1. c4 e5 2. Nc3 b6 3. e4 Bb7 4. d3 Bb4 5. Nge2 Nc6 6. a3 Bxc3+ 7. bxc3 d6 8. Be3 Nge7 9. d4 Ng6 10. d5 Nce7 11. Qa4+ Qd7 12. Qxd7+ Kxd7 13. g3 Ba6 14. Nc1 Raf8 15. h4 h5 16. Nb3 f5 17. Nd2 f4 18. gxf4 Nxf4 19. Bxf4 Rxf4 20. Rg1 g6 21. Rh1 Rhf8 22. Rh2 Ke8 23. Bh3 Bc8 24. Bxc8 Nxc8 25. Ke2 Ne7 26. Rf1 c6 27. f3 cxd5 28. cxd5 Kd7 29. Rb1 Rc8 30. Kd3 1/2-1/2

[Event "Cologne Chess Days op"]
[Site "Cologne"]
[Date "2010.08.22"]
[Round "5"]
[White "Immel, John Christian"]
[Black "Bigott, Martin"]
[Result "0-1"]
[WhiteElo "1562"]
[BlackElo "1901"]
[PlyCount "58"]
[EventDate "2010.08.20"]
[EventType "swiss"]
[EventRounds "5"]
[EventCountry "GER"]
[SourceTitle "EXT 2011"]
[Source "ChessBase"]
[SourceDate "2010.11.26"]
[SourceVersion "1"]
[SourceVersionDate "2010.11.26"]
[SourceQuality "1"]

1. c4 Nf6 2. Nc3 e6 3. Nf3 d5 4. g3 d4 5. Nb5 c5 6. Ne5 a6 7. Na3 Bd6 8. Qa4+ Nbd7 9. Nf3 0-0 10. Bg2 e5 11. d3 e4 12. dxe4 Nxe4 13. 0-0 f5 14. e3 dxe3 15. fxe3 Ndf6 16. Rd1 Bd7 17. Qc2 Qc7 18. Nb1 Bc6 19. Nc3 Nxc3 20. Qxc3 Ne4 21. Qe1 Rf6 22. Bd2 Raf8 23. b4 Rg6 24. bxc5 Nxc5 25. Bb4 Bxg3 26. hxg3 Rxg3 27. Bxc5 Bxf3 28. Bd6 Rxg2+ 29. Kf1 Qxc4+ 0-1

[Event "Cologne Chess Days op"]
[Site "Cologne"]
[Date "2010.08.20"]
[Round "1"]
[White "Immel, John Christian"]
[Black "Freundlieb, Thomas"]
[Result "0-1"]
[WhiteElo "1562"]
[BlackElo "2077"]
[PlyCount "50"]
[EventDate "2010.08.20"]
[EventType "swiss"]
[EventRounds "5"]
[EventCountry "GER"]
[SourceTitle "EXT 2011"]
[Source "ChessBase"]
[SourceDate "2010.11.26"]
[SourceVersion "1"]
[SourceVersionDate "2010.11.26"]
[SourceQuality "1"]

1. c4 g6 2. Nc3 Bg7 3. g3 e5 4. Bg2 Nc6 5. a3 d6 6. b4 f5 7. e3 e4 8. Nge2 Ne5 9. 0-0 Nf6 10. Qb3 c6 11. Nd4 0-0 12. c5+ d5 13. f3 exf3 14. Nxf3 Nxf3+ 15. Bxf3 Ne4 16. Bxe4 fxe4 17. Bb2 Bh3 18. Rf4 g5 19. Rxf8+ Qxf8 20. Qd1 Qf5 21. Qe2 Rf8 22. Re1 d4 23. exd4 Bxd4+ 24. Kh1 Qf3+ 25. Qxf3 exf3 0-1

[Event "Cologne Ford op"]
[Site "Cologne"]
[Date "2010.06.07"]
[Round "7"]
[White "Immel, John Christian"]
[Black "Scholl, Martin"]
[Result "0-1"]
[WhiteElo "1466"]
[BlackElo "2042"]
[PlyCount "58"]
[EventDate "2010.04.19"]
[EventType "swiss"]
[EventRounds "7"]
[EventCountry "GER"]
[SourceTitle "EXT 2011"]
[Source "ChessBase"]
[SourceDate "2010.11.26"]
[SourceVersion "1"]
[SourceVersionDate "2010.11.26"]
[SourceQuality "1"]

1. d4 d5 2. Nf3 Nf6 3. e3 Bf5 4. Nbd2 e6 5. c3 c6 6. Nh4 Bg6 7. Nxg6 hxg6 8. Bd3 Bd6 9. h3 Nbd7 10. e4 dxe4 11. Nxe4 Nxe4 12. Bxe4 Qc7 13. Be3 c5 14. Qb3 cxd4 15. Bxd4 Nc5 16. Qc2 Nxe4 17. Qxe4 0-0 18. 0-0 Rfc8 19. Rfe1 Qc6 20. Rad1 a5 21. Qd3 Be7 22. Qg3 a4 23. h4 Ra5 24. Re5 Bd6 25. Rxa5 Bxg3 26. fxg3 Qc4 27. Rd2 f6 28. a3 Rd8 29. Rc5 Qxc5 0-1

[Event "Goch op 20th"]
[Site "Goch"]
[Date "2009.10.03"]
[Round "4"]
[White "Immel, John Christian"]
[Black "Mittelsteiner, Horst"]
[Result "1/2-1/2"]
[WhiteElo "1466"]
[BlackElo "1902"]
[PlyCount "69"]
[EventDate "2009.10.01"]
[EventType "swiss"]
[EventRounds "7"]
[EventCountry "GER"]
[SourceTitle "EXT 2011"]
[Source "ChessBase"]
[SourceDate "2010.11.26"]
[SourceVersion "1"]
[SourceVersionDate "2010.11.26"]
[SourceQuality "1"]

1. d4 d5 2. Nf3 Nf6 3. c4 c6 4. Nc3 e6 5. Bg5 Nbd7 6. e3 Qa5 7. Be2 Ne4 8. Qa4 Qxa4 9. Nxa4 Bb4+ 10. Kf1 dxc4 11. Rc1 b5 12. Nc3 Nxc3 13. bxc3 Ba3 14. Rb1 f6 15. Bf4 Nb6 16. e4 Bd7 17. Ne1 Na4 18. Bd2 0-0 19. Nc2 Be7 20. Ne3 Nb6 21. Bf3 f5 22. exf5 exf5 23. d5 f4 24. dxc6 fxe3 25. cxd7 Bc5 26. Bxe3 Bxe3 27. fxe3 a6 28. Ke2 Rad8 29. Rhd1 Rxd7 30. Rxd7 Nxd7 31. Bd5+ Kh8 32. a4 Nb6 33. Bb7 Nxa4 34. Ke1 Nc5 35. Bf3 1/2-1/2

[Event "Cologne Ford op"]
[Site "Cologne"]
[Date "2009.06.08"]
[Round "6"]
[White "Kuehnast, Volker"]
[Black "Immel, John Christian"]
[Result "1-0"]
[WhiteElo "1763"]
[BlackElo "1446"]
[PlyCount "93"]
[EventDate "2009.04.27"]
[EventType "swiss"]
[EventRounds "7"]
[EventCountry "GER"]
[SourceTitle "EXT 2011"]
[Source "ChessBase"]
[SourceDate "2010.11.26"]
[SourceVersion "1"]
[SourceVersionDate "2010.11.26"]
[SourceQuality "1"]

1. e4 c5 2. Nf3 e6 3. d3 Nc6 4. c3 b6 5. Be2 Qc7 6. 0-0 Be7 7. d4 cxd4 8. cxd4 Nf6 9. Nc3 d5 10. e5 Ne4 11. Bd3 f5 12. exf6 Nxc3 13. f7+ Kf8 14. bxc3 Bd7 15. Bg5 Bf6 16. Qc1 Kxf7 17. Bf4 Qd8 18. Be5 Rc8 19. Qf4 h6 20. h4 Rf8 21. Bd6 Ne7 22. Rac1 Kg8 23. Qg3 Be8 24. Ba3 Qc7 25. Qg4 Bf7 26. h5 Rfe8 27. Rfe1 Qd7 28. Rc2 Nc6 29. Ne5 Bxe5 30. dxe5 Ne7 31. Qe2 Red8 32. g4 Nc6 33. f4 Na5 34. g5 Nc4 35. Bc1 Qe7 36. Qg4 Kh8 37. Kh2 Qe8 38. g6 Bg8 39. f5 exf5 40. Bxf5 Rc7 41. Rce2 Re7 42. Qd4 Qc6 43. e6 Rde8 44. Bxh6 Nd6 45. Bd3 Rc8 46. Bxg7+ Rxg7 47. h6 1-0

[Event "Cologne Ford op"]
[Site "Cologne"]
[Date "2009.04.27"]
[Round "1"]
[White "Immel, John Christian"]
[Black "Proba, Stefan"]
[Result "0-1"]
[WhiteElo "1446"]
[BlackElo "1871"]
[PlyCount "58"]
[EventDate "2009.04.27"]
[EventType "swiss"]
[EventRounds "7"]
[EventCountry "GER"]
[SourceTitle "EXT 2011"]
[Source "ChessBase"]
[SourceDate "2010.11.26"]
[SourceVersion "1"]
[SourceVersionDate "2010.11.26"]
[SourceQuality "1"]

1. d4 Nf6 2. Nf3 c5 3. d5 d6 4. Nc3 g6 5. e4 Bg7 6. Bf4 a6 7. a4 Nbd7 8. Qd2 Qa5 9. Bd3 b5 10. e5 dxe5 11. Bxe5 b4 12. Nd1 0-0 13. Ne3 Nxe5 14. Nxe5 Bb7 15. N5c4 Qd8 16. a5 Nxd5 17. Nxd5 Qxd5 18. Ne3 Qc6 19. c3 Rad8 20. Qc2 b3 21. Qe2 Bh6 22. Ra3 Bxe3 23. fxe3 Rxd3 24. Qxd3 Qxg2 25. Rf1 Qxb2 26. Ra4 Qxh2 27. Raf4 Qh5 28. Qd7 Qd5 29. Qa4 Rd8 0-1